000 00240nam a2200109Ia 4500
008 190216s9999||||xx |||||||||||||| ||und||
100 _aSankaran
245 0 _aFrench Revolution
260 _bBadharikasram
650 _aHistory
942 _cBK
999 _c34843
_d34843